| 000 | 00339nam a2200133Ia 4500 | ||
|---|---|---|---|
| 005 | 20251222140053.0 | ||
| 008 | 251222s1900||||xx |||||||||||||| ||spa|| | ||
| 020 | _a9789681683917 | ||
| 082 | _a179.1/P46 | ||
| 100 | _aPérez Tamayo, Ruy | ||
| 245 | 0 | _aLa Construcción de la Bioética | |
| 264 | _bFondo de Cultura Económica | ||
| 942 | _cLIB | ||
| 999 |
_c3686 _d3686 |
||